Albo d'oro Mondiali di Calcio - Statistics

Statistiche generali
  • Questo quiz è stato fatto 1.101 volte
  • Il punteggio medio è 22 su 22
Statistiche sulle risposte
Anno Vincitore % Corretto
1978 Argentina
100%
1986 Argentina
100%
2022 Argentina
100%
1958 Brasile
100%
1962 Brasile
100%
1970 Brasile
100%
1994 Brasile
100%
2002 Brasile
100%
1998 Francia
100%
2018 Francia
100%
2014 Germania
100%
1954 Germania Ovest
100%
1974 Germania Ovest
100%
1990 Germania Ovest
100%
1934 Italia
100%
1938 Italia
100%
1982 Italia
100%
2006 Italia
100%
2010 Spagna
100%
1930 Uruguay
97%
1950 Uruguay
97%
1966 Inghilterra
96%
Nessun quiz corrispondente trovato
Distribuzione punteggi
Percentuale di utenti per punteggio
Percentile per numero di risposta
I tuoi punteggi nel tempo
Non hai fatto questo quiz